000 01396nam a2200241 4500
003 OSt
005 20230116122313.0
008 230116b |||||||| |||| 00| 0 eng d
040 _cLado V
082 _a708
_bS194b
100 _aSanchez, Osvaldo
_9543
_ecurador
245 _aBalelatina/
_bContemporary art fair/
260 _aColombia
_bBrasilia fundation
_c2007
300 _a111p.
_bil (col)
_c23x32 cm
505 _tVirginia Pérez-Ratton. Una práctica situada / Virginia Pérez-Ratton. A situated practice
_rMiguel A. López, M. Paola Malavasi Lachner
_tVirginia Pérez-Ratton y la reinvención de Centroamérica / Virginia Pérez-Ratton and the reivention of Central America
_rPaulo Herkenhoff
_t¿Qué región? Apuntando hacia un estrecho dudoso / What region? Pointing toward a dubious strait
_rVirginia Pérez-Ratton
_tDar voz es llenar un vacío / To give voice is to fill a void
_rMari Carmen Ramírez
_tSemblanza / Biographical sketch
_tCatálogo / Catalogue
_tCréditos / Credits
650 _2Tesauro de Arte & Arquitectura
_aARTE LATINOAMERICANO
650 _2Tesauro de Arte & Arquitectura
_aCRITICA SOCIAL
650 _2Tesauro de Arte & Arquitectura
_aESCULTURA
650 _2Tesauro de Arte & Arquitectura
_aPINTURA
650 _2Tesauro de Arte & Arquitectura
_aDIBUJO
700 _aSiqueira Lopes, Joao Paulo
_eorganizacion
942 _2ddc
_c1
_h708
_iS194b
_n0
999 _c2796
_d2796